000 00434nam a2200181Ia 4500
005 20240823042024.0
008 240823s9999||||xx |||||||||||||| ||und||
041 _aENGLISH
082 _A307.72 N0
100 _aChitambar J B
245 0 _aIntroductory Rural Sociology
250 _a1st
260 _c1990
_b"Wiley,New Delhi"
500 _aYES
650 _aSocial Science
_bManagement Studies
942 _cBK
999 _c206887
_d206887